Saved without a doubt / (Record no. 74961)

MARC details
000 -LEADER
fixed length control field 01091nam a22002177a 4500
003 - CONTROL NUMBER IDENTIFIER
control field PILC
005 - DATE AND TIME OF LATEST TRANSACTION
control field 20240419085358.0
008 - FIXED-LENGTH DATA ELEMENTS--GENERAL INFORMATION
fixed length control field 240419b |||||||| |||| 00| 0 eng d
010 ## - LIBRARY OF CONGRESS CONTROL NUMBER
LC control number Acc#48888
020 ## - INTERNATIONAL STANDARD BOOK NUMBER
International Standard Book Number 1564760170
040 ## - CATALOGING SOURCE
Transcribing agency Philippine Baptist Theological Seminary
050 ## - LIBRARY OF CONGRESS CALL NUMBER
Classification number BT 785
Item number M33 1992
100 ## - MAIN ENTRY--PERSONAL NAME
Personal name MacArthur, Jr., John
Relator term Author
245 ## - TITLE STATEMENT
Title Saved without a doubt /
264 ## - PRODUCTION, PUBLICATION, DISTRIBUTION, MANUFACTURE, AND COPYRIGHT NOTICE
Place of production, publication, distribution, manufacture U.S.A. :
Name of producer, publisher, distributor, manufacturer Victor Books,
Date of production, publication, distribution, manufacture, or copyright notice ©1992.
300 ## - PHYSICAL DESCRIPTION
Extent 187 pages :
Dimensions 22 cm.
504 ## - BIBLIOGRAPHY, ETC. NOTE
Bibliography, etc Includes indexes.
505 ## - FORMATTED CONTENTS NOTE
Formatted contents note Part 1: Is it a done deal?: What the bible teaches about the lasting nature of salvation<br/>1. A collective work <br/>2. Those troubling verses<br/>3. The ties that bind<br/>4. The inevitable glory <br/><br/>Part 2: Is it real?: How you can tell whether you are truly a Christian <br/>5. Eleven tests from an Apostolic expert<br/><br/>Part 3: Is it something I can feel?: How you can experience the assurance of a secure salvation<br/>6. Dealing with doubt<br/>7. Adding virtue upon virtue <br/>8. Gaining victory <br/>9. Persevering through it all <br/>
650 ## - SUBJECT ADDED ENTRY--TOPICAL TERM
Topical term or geographic name as entry element Assurance (Theology)
942 ## - ADDED ENTRY ELEMENTS (KOHA)
Source of classification or shelving scheme Library of Congress Classification
Koha item type Circulation Books
Holdings
Withdrawn status Lost status Source of classification or shelving scheme Damaged status Not for loan Home library Current library Shelving location Date acquired Source of acquisition Total Checkouts Full call number Barcode Date last seen Price effective from Koha item type
    Library of Congress Classification     PBTS Library PBTS Library Circulation Section 04/19/2024 Gift   BT 785 M33 1992 48888 03/17/2026 04/19/2024 Circulation Books

Philippine Baptist Theological Seminary | 19 Tacay Road, Central Guisad, Baguio City 2600, Philippines